[Event "EU-ch U10 26th"]
[Site "Prague"]
[Date "2016.08.27"]
[Round "9"]
[White "Thoreux Josso, Aaron"]
[Black "Guri, Adrian"]
[Result "1-0"]
[WhiteElo "1124"]
[BlackElo "1202"]
[PlyCount "43"]
[EventDate "2016.08.18"]
[EventType "swiss"]
[EventRounds "9"]
[EventCountry "CZE"]
[SourceTitle "CBM 174 Extra"]
[Source "ChessBase"]
[SourceDate "2016.10.10"]
[SourceVersion "1"]
[SourceVersionDate "2016.10.10"]
[SourceQuality "1"]

1. e4 c6 2. d4 d5 3. exd5 cxd5 4. c4 e6 5. Nc3 Nc6 6. Nf3 g6 7. cxd5 exd5 8. Bb5 Bd7 9. Nxd5 a6 10. Bxc6 Bxc6 11. Nc3 Bg7 12. 0-0 Ne7 13. Re1 0-0 14. Bg5 Re8 15. d5 f6 16. dxc6 fxg5 17. Qb3+ Kh8 18. Nxg5 Qc7 19. Nf7+ Kg8 20. cxb7 Rab8 21. Nd6+ Kf8 22. Qf7# 1-0

[Event "EU-ch U10 26th"]
[Site "Prague"]
[Date "2016.08.18"]
[Round "1"]
[White "Thoreux Josso, Aaron"]
[Black "Samadov, Read"]
[Result "0-1"]
[WhiteElo "1124"]
[BlackElo "1611"]
[PlyCount "66"]
[EventDate "2016.08.18"]
[EventType "swiss"]
[EventRounds "9"]
[EventCountry "CZE"]
[SourceTitle "CBM 174 Extra"]
[Source "ChessBase"]
[SourceDate "2016.10.10"]
[SourceVersion "1"]
[SourceVersionDate "2016.10.10"]
[SourceQuality "1"]

1. e4 c5 2. Nc3 d6 3. f4 Nc6 4. Nf3 g6 5. Bb5 Bd7 6. Bxc6 Bxc6 7. 0-0 Bg7 8. d3 e6 9. f5 gxf5 10. exf5 e5 11. Bd2 Nf6 12. Qc1 Qe7 13. a3 Rg8 14. Bg5 0-0-0 15. b4 h6 16. Bh4 d5 17. b5 Be8 18. a4 Qc7 19. Bxf6 Bxf6 20. Qxh6 Qe7 21. Qd2 e4 22. Rfe1 Qf8 23. dxe4 dxe4 24. Qe3 exf3 25. Qxf3 Rd2 26. Ne4 Rdxg2+ 27. Kh1 Rxh2+ 28. Kxh2 Rh8+ 29. Qh3 Be5+ 30. Ng3 Bxg3+ 31. Kg2 Bxe1 32. Kh2 Bg3+ 33. Kg2 Be5 0-1

[Event "FRA-chT U20 Top"]
[Site "Bischwiller"]
[Date "2016.05.15"]
[Round "3"]
[White "Thoreux Josso, Aaron"]
[Black "Ge, Arthur"]
[Result "0-1"]
[WhiteElo "1074"]
[BlackElo "1247"]
[PlyCount "102"]
[EventDate "2016.05.14"]
[EventType "tourn"]
[EventRounds "11"]
[EventCountry "FRA"]
[SourceTitle "EXT 2019"]
[Source "ChessBase"]
[SourceDate "2018.10.10"]
[SourceVersion "1"]
[SourceVersionDate "2018.10.10"]
[SourceQuality "1"]

1. e4 c5 2. Nc3 Nc6 3. f4 g6 4. Nf3 Bg7 5. Bb5 e6 6. d3 Nge7 7. 0-0 0-0 8. Bd2 d6 9. Qc1 a6 10. Bxc6 bxc6 11. Ne2 d5 12. Ng3 Qb6 13. Rb1 c4+ 14. Kh1 cxd3 15. cxd3 Bd7 16. Nh4 Bf6 17. Nf3 Rab8 18. e5 Bg7 19. Be3 Qc7 20. Bc5 Qd8 21. Bd6 Rb7 22. Nd4 Rb6 23. a4 a5 24. b4 axb4 25. Rxb4 Rxb4 26. Bxb4 Re8 27. Qc2 Qc8 28. Ra1 Nf5 29. Ngxf5 exf5 30. a5 Bf8 31. Bxf8 Rxf8 32. a6 Qa8 33. Qc5 Rb8 34. a7 Rb2 35. h3 Rd2 36. Qc3 Rf2 37. g3 c5 38. Qxc5 Rb2 39. Qc3 Rb7 40. Nc6 Rb6 41. Nd4 Rb7 42. Nc6 Rb6 43. Nd4 h6 44. Qa5 Rb7 45. Qxd5 Rb1+ 46. Rxb1 Qxd5+ 47. Kh2 Qa2+ 48. Ne2 Qxe2+ 49. Kg1 Qe3+ 50. Kg2 Bc6+ 51. Kh2 Qf2# 0-1